东京首都圈所有轨道交通线路 Every Operating Rail Line in Greater Tokyo Area - Statistics

General Stats
  • This quiz has been taken 25 times
  • The average score is 61 of 167
Answer Stats
System Line % Correct
Seibu Railway | Toei Subway 新宿线
76%
JR East 山手线
76%
JR East 中央线快速
76%
JR East 中央本线
76%
Toei Subway 浅草线
71%
Saitama Rapid Railway 埼玉高速铁道线
71%
Odakyu Electric Railway 多摩线
71%
Keisei Electric Railway 京成本线
71%
Tama Urban Monorail 多摩都市单轨
71%
JR East 东海道本线
71%
JR East 横滨线
71%
Tokyo Metro 银座线
65%
Tokyo Metro 千代田线
65%
Toei Subway 大江户线
65%
New Transit Yurikamome 百合海鸥线
65%
Odakyu Electric Railway | Shonan Monorail 江之岛线
65%
Enoden 江之岛电铁线
65%
JR East 埼京线
65%
Jomo Electric Railway 上毛线
65%
Kominato Railway 小凑铁道线
65%
Tokyo Metro 东西线
59%
Tokyo Metro 有乐町线
59%
Tokyo Metro 半藏门线
59%
Tokyo Metro 南北线
59%
Nippori-Toneri Liner 日暮里-舍人线
59%
Tokyo Waterfront Area Rapid Transit 临海线
59%
Seibu Railway 西武有乐町线
59%
JR East 宇都宫线
59%
JR East 相模线
59%
Fuji Kyuko 富士急行线
59%
Moka Railway 真冈线
59%
Tokyo Metro 丸之内线
53%
Tokyo Metro 日比谷线
53%
Tokyo Metro 副都心线
53%
Tokyo Monorail 羽田机场线
53%
Hokuso Railway 北总线
53%
Keio 相模原线
53%
Odakyu Electric Railway 小田原线
53%
Seibu Railway 池袋线
53%
Keisei Electric Railway 成田机场线
53%
Yokohama Municipal Subway 蓝线
53%
Yokohama Municipal Subway 绿线
53%
Shibayama Railway 芝山铁道线
53%
JR East 湘南新宿线
53%
JR East 常磐线
53%
JR East 常磐快速线
53%
JR East 常磐缓行线
53%
JR East 高崎线
53%
JR East 总武线快速
53%
JR East 总武本线
53%
JR East 成田线
53%
JR East 我孙子支线
53%
JR East 机场支线
53%
Izu Hakone Railway 大雄山线
53%
Choshi Electric Railway 铫子电铁线
53%
Toei Subway 三田线
47%
Toyo Rapid Railway 东叶高速线
47%
Keikyu 京急本线
47%
Seibu Railway 西武秩父线
47%
Keisei Electric Railway 千叶线
47%
JR East 京滨东北线
47%
JR East 横须贺线
47%
Chichibu Railway 秩父本线
47%
Hakone Tozan Line 铁道线
47%
Joshin Electric Railway 上信线
47%
Tokyo Toden 荒川线
41%
Keio 京王线
41%
Tobu Railway 东上本线
41%
JR East 中央·总武缓行线
41%
JR East 上野东京线
41%
JR East 京叶线
41%
JR East 两毛线
41%
JR East 鹿岛线
41%
Hakone Tozan Line 钢索线
41%
Metropolitan Intercity Railway 筑波快线
35%
Keikyu | Tobu Railway 大师线
35%
Keikyu 机场线
35%
Tokyu Railway 东横线
35%
Tobu Railway 宇都宫线
35%
Keisei Electric Railway 松户线
35%
Yokohama Minatomirai Railway 港未来线
35%
Ryutetsu 流山线
35%
JR East 八高线
35%
Maihama Resort Line 迪士尼度假区线
35%
Isumi Railway 夷隅线
35%
Chiba Urban Monorail 千叶都市单轨1号线
35%
Chiba Urban Monorail 千叶都市单轨2号线
35%
Tokyu Railway 目黑线
29%
Tokyu Railway 田园都市线
29%
Tobu Railway 晴空塔线
29%
Sotetsu 相铁本线
29%
JR East 青梅线
29%
JR East 武藏野线
29%
JR East 南武线
29%
JR East 滨川崎支线
29%
JR Central 御殿场线
29%
Watarase Keikoku Railway 渡良濑溪谷线
29%
Tokyu Railway 大井町线
24%
Tokyu Railway 池上线
24%
Sotetsu | Tokyu Railway 新横滨线
24%
Tokyu Railway 子供之国线
24%
Keio 井之头线
24%
Tobu Railway 龟户线
24%
Tobu Railway 野田线
24%
Keisei Electric Railway 押上线
24%
JR East 川越线
24%
JR East 根岸线
24%
JR East 五日市线
24%
JR East 鹤见线
24%
JR East 大川支线
24%
JR East 海芝浦支线
24%
JR East 伊东线
24%
JR East 内房线
24%
JR East 外房线
24%
JR East 上越线
24%
Keikyu 久里滨线
18%
Keikyu 逗子线
18%
Tokyu Railway 世田谷线
18%
Seibu Railway 狭山线
18%
JR East | Tobu Railway 日光线
18%
Tobu Railway 鬼怒川线
18%
Tobu Railway 越生线
18%
Keisei Electric Railway 东成田线
18%
Keisei Electric Railway 金町线
18%
Yokohama Seaside Line 金泽海岸线
18%
Yamaman 有加利丘线
18%
JR East 水户线
18%
JR East 信越本线
18%
JR Central 身延线
18%
Yagan Railway 会津鬼怒川线
18%
Kashima Rinkai Railway 大洗鹿岛线
18%
JR East 相铁·JR直通线
18%
Seibu Railway | Tokyu Railway 多摩川线
12%
Keio 京王新线
12%
Keio 竞马场线
12%
Keio 动物园线
12%
Keio 高尾线
12%
Seibu Railway 国分寺线
12%
Seibu Railway 西武园线
12%
Seibu Railway 山口线
12%
Tobu Railway 伊势崎线
12%
Tobu Railway 佐野线
12%
Tobu Railway 桐生线
12%
Keisei Electric Railway 千原线
12%
Sotetsu 泉野线
12%
Saitama New Urban Transit 伊奈线
12%
JR East 吾妻线
12%
JR East 水郡线
12%
JR East 常陆太田支线
12%
JR East 东金线
12%
JR East 小海线
12%
Seibu Railway 丰岛线
6%
Seibu Railway 拜岛线
6%
Seibu Railway 多摩湖线
6%
Tobu Railway 小泉线
6%
JR East 乌山线
6%
JR East 久留里线
6%
Kanto Railway 常总线
6%
Kanto Railway 龙崎线
6%
Hitachinaka Seaside Railway 凑线
6%
No matching quizzes found
Score Distribution
Percent of People with Each Score
Percentile by Number Answered
Your Score History
You have not taken this quiz